000 01069cam a22001934a 4500
005 20250605163921.0
008 250528s ||||||||||||||||||||||||d
035 _a14384
020 _a415084148
040 _aGR-AtMCL
_bgre
_dGR-AtMCL
_eAACR2
245 1 _aConsumer Culture Reborn / The Cultural Politics of Consumption
260 _bRouledge,
_c1993
300 _a194
520 _aThis book examines the relationship between economy and culture in contemporary society. Preface: The Soul of Things, Preliminaries: Perspectives on Capital and Consumption and Culture, Capital and Labor and the Commodity-Form, Exploring the Economy of Symbolic Goods, Culture and Consumption and Commodities, The Social Transformations of Capital, Accumulation and Regulation and Growth, The Political Economy of Fordism, Easing the Passage of Modernity, Decay and Rejuvenation, Time and Space and the Commodity-Form, The Culture of Deregulation, Consumer Culture Reborn, Bibliography, Index.
700 1 _aLee J. Martyn
_925
942 _cBK
999 _c18
_d18